000
00355nam a2200169Ia 4500
100
_a
Billmeyer/Fred
650
_a
Chemistry
250
_a
3
942
_c
BK
654
_a
polymer science
245
_a
Textbook of Polymer Science
260
_b
John Wiley & Sons
_c
1994
082
_a
668.9
_b
BIL
300
_a
578
546
_a
ENGLISH
999
_c
34494
_d
34494